El Alcalde de Zalamea
Tallennettuna:
| Päätekijä: | |
|---|---|
| Aineistotyyppi: | Kirja |
| Kieli: | Undetermined |
| Julkaistu: |
Santiago, Chile
Editorial Zig-Zag
1955
|
| Aiheet: | |
| Tagit: |
Lisää tagi
Ei tageja, Lisää ensimmäinen tagi!
|
MARC
| LEADER | 00000nam a2200000Ia 4500 | ||
|---|---|---|---|
| 008 | 170316s9999 xx 000 0 und d | ||
| 040 | |a cru BVZT | ||
| 090 | |a 862 C-3al | ||
| 100 | |a Calderón de la B., Pedro y Vega C., Lope Félix de | ||
| 245 | |a El Alcalde de Zalamea | ||
| 260 | |a Santiago, Chile | ||
| 260 | |b Editorial Zig-Zag | ||
| 260 | |c 1955 | ||
| 300 | |a 323 páginas | ||
| 650 | |a LITERATURA ESPAÑOLA | ||
| 942 | |c 15 D | ||
| 999 | |c 9724 |d 9724 | ||
